书目信息 |
| 题名: |
作为恰当性的正义
|
|
| 作者: | 库珀特 著 ;马新晶 译 | |
| 分册: | ||
| 出版信息: | 南昌 江西人民出版社 2020.05 |
|
| 页数: | 16, 182页 | |
| 开本: | 24cm | |
| 丛书名: | 西方正义理论译丛 | |
| 单 册: | ||
| 中图分类: | D081 | |
| 科图分类: | ||
| 主题词: | 正义--zheng yi--研究 | |
| 电子资源: | ||
| ISBN: | 978-7-210-11577-9 | |
| 000 | 01214nam 2200289 450 | |
| 001 | 2047399291 | |
| 005 | 20201106131006.06 | |
| 010 | @a978-7-210-11577-9@b精装@dCNY68.00 | |
| 100 | @a20200430d2020 em y0chiy50 ea | |
| 101 | 1 | @achi@ceng |
| 102 | @aCN@b360000 | |
| 105 | @ay a 000yy | |
| 200 | 1 | @a作为恰当性的正义@Azuo wei qia dang xing de zheng yi@d= Justice as fittingness@f杰弗雷·库珀特著@g马新晶译@zeng |
| 210 | @a南昌@c江西人民出版社@d2020.05 | |
| 215 | @a16, 182页@d24cm | |
| 225 | 2 | @a西方正义理论译丛@Axi fang zheng yi li lun yi cong |
| 314 | @a杰弗雷·库珀特, 利物浦大学哲学博士、文学学士。 | |
| 320 | @a有书目 (第178-182页) | |
| 330 | @a本书阐明了道德哲学和政治哲学中的很多重要的问题。作者为守诺义务的性质提出了一种全新的解释, 指明为何请求能产生行动的理由, 并为解决政治约束问题提出了一种崭新的方法。该书共分七章, 内容包括: 正义的界定 ; 正义与应得 ; 成员、整体与同伴 ; 承诺与请求等。 | |
| 410 | 0 | @12001 @a西方正义理论译丛 |
| 500 | 10 | @aJustice as fittingness@mChinese |
| 606 | 0 | @a正义@Azheng yi@x研究 |
| 690 | @aD081@v5 | |
| 701 | 1 | @a库珀特@Aku po te@g(Cupit, Geoffrey)@4著 |
| 702 | 0 | @a马新晶@Ama xin jing@4译 |
| 801 | 0 | @aCN@b人天书店@c20201024 |
| 905 | @aZUCC@dD081@eK856 | |
| 作为恰当性的正义= Justice as fittingness/杰弗雷·库珀特著/马新晶译.-南昌:江西人民出版社,2020.05 |
| 16, 182页;24cm.-(西方正义理论译丛) |
| ISBN 978-7-210-11577-9(精装):CNY68.00 |
| 本书阐明了道德哲学和政治哲学中的很多重要的问题。作者为守诺义务的性质提出了一种全新的解释, 指明为何请求能产生行动的理由, 并为解决政治约束问题提出了一种崭新的方法。该书共分七章, 内容包括: 正义的界定 ; 正义与应得 ; 成员、整体与同伴 ; 承诺与请求等。 |
| ● |
| 相关链接 |
|
|
|
正题名:作为恰当性的正义
索取号:D081/K856
 
预约/预借
| 序号 | 登录号 | 条形码 | 馆藏地/架位号 | 状态 | 备注 |
| 1 | 1482240 | 214822405 | 社科库509/509社科库 68排2列2层/ [索取号:D081/K856] | 在馆 | |
| 2 | 1482241 | 214822414 | 社科库509/509社科库 68排2列2层/ [索取号:D081/K856] | 在馆 | |
| 3 | 1482242 | 214822423 | 社科库509/509社科库 68排2列2层/ [索取号:D081/K856] | 在馆 |